| Tag |
First Indicator |
Second Indicator |
Subfields |
| LEADER |
00000cam a22000008a 4500 |
| 001 |
in00000076021 |
| 005 |
20151008060400.0 |
| 008 |
820112s1982 azuab b s00110 eng |
| 010 |
|
|
|a 81024083
|
| 020 |
|
|
|a 0816507716
|
| 020 |
|
|
|a 0816507732 (pbk.)
|
| 035 |
|
|
|a (OCoLC)08132077
|
| 035 |
|
|
|9 AAJ5643AM
|
| 039 |
0 |
|
|a 2
|b 3
|c 3
|d 3
|e 3
|
| 040 |
|
|
|a DLC
|c DLC
|d TXA
|d UtOrBLW
|
| 043 |
|
|
|a a-cc---
|
| 049 |
|
|
|a TXAM
|c [1805074]
|
| 050 |
0 |
0 |
|a AS445
|b .M47
|
| 082 |
0 |
|
|a 378.51
|2 19
|
| 100 |
1 |
|
|a Meskill, John Thomas,
|d 1925-
|
| 245 |
1 |
0 |
|a Academies in Ming China :
|b a historical essay /
|c John Meskill.
|
| 263 |
|
|
|a 8205
|
| 264 |
|
1 |
|a Tucson, Ariz. :
|b Published for the Association for Asian Studies by the University of Arizona Press,
|c [1982]
|
| 264 |
|
4 |
|c ©1982
|
| 300 |
|
|
|a xiv, 203 pages :
|b illustrations, maps ;
|c 24 cm.
|
| 336 |
|
|
|a text
|b txt
|2 rdacontent
|
| 337 |
|
|
|a unmediated
|b n
|2 rdamedia
|
| 338 |
|
|
|a volume
|b nc
|2 rdacarrier
|
| 490 |
1 |
|
|a Monographs of the Association for Asian Studies ;
|v no. 39
|
| 500 |
|
|
|a Includes index.
|
| 504 |
|
|
|a Bibliography: pages 189-196.
|
| 651 |
|
0 |
|a China
|x Learned institutions and societies.
|
| 651 |
|
0 |
|a China
|x History
|y Ming dynasty, 1368-1644.
|
| 710 |
2 |
|
|a Association for Asian Studies.
|
| 830 |
|
0 |
|a Monographs of the Association for Asian Studies ;
|v no. 39.
|
| 999 |
|
|
|a MARS
|
| 999 |
f |
f |
|s 2689f5a5-f996-3068-b706-6afe91170c95
|i 9d4c332c-a9c5-31ee-a1ee-79583906940d
|t 0
|
| 952 |
f |
f |
|p ric
|a Texas A&M University
|b Rellis Campus
|c Joint Library Facility
|d Remote Storage
|t 0
|e AS445 .M47
|h Library of Congress classification
|i unmediated -- volume
|m A14806075254
|
| 998 |
f |
f |
|a AS445 .M47
|t 0
|l Remote Storage
|